Nomi dei calciatori - Quiz n°56 - Statistics

Statistiche generali
  • Questo quiz è stato fatto 39 volte
  • Il punteggio medio è 8 su 10
Statistiche sulle risposte
Hint Risposta % Corretto
Forlán Diego
97%
Cuadrado Juan
97%
Coman Kingsley
97%
Reina Pepe
97%
Conti Andrea
93%
Gillet Jean François
90%
Mudingayi Gaby
72%
Ocampos Lucas
72%
Vázquez Franco
66%
Foyth Juan
34%
Nessun quiz corrispondente trovato
Distribuzione punteggi
Percentuale di utenti per punteggio
Percentile per numero di risposta
I tuoi punteggi nel tempo
Non hai fatto questo quiz